logo

SIGLO DE HISTORIA DE LA GUARDIA CIVIL EN EXTREMADURA, DESDE SU FUNDACION A LA LUCHA CONTRA EL MAQUIS (1844-1944), UN (Record no. 68175)

MARC details
000 -CABECERA
campo de control de longitud fija 00558nam a2200181Ia 4500
001 - NÚMERO DE CONTROL
campo de control 32839
005 - FECHA Y HORA DE LA ÚLTIMA TRANSACCIÓN
campo de control 20260407100332.0
008 - CÓDIGOS DE INFORMACIÓN DE LONGITUD FIJA
campo de control de longitud fija 260115s9999 xx 000 0 und d
010 ## - NÚMERO DE CONTROL DE LA BIBLIOTECA DEL CONGRESO
Número de control de LC 68175
035 ## - NÚMERO DE CONTROL DEL SISTEMA
Número de control de sistema 22360
090 ## - LOCALMENTE ASIGNADO TIPO-LC NÚMERO DE CLASIFICACIÓN (OCLC); NÚMERO DE CLASIFICACIÓN LOCAL (RLIN)
Número de clasificación (OCLC) (R) ; Numero de clasificación CALL (RLIN) (NR) 94(460), 351.743
100 ## - PUNTO DE ACCESO PRINCIPAL - NOMBRE DE PERSONA
Nombre de persona GARCIA CARRERO FRANCISCO JAVIER
245 #0 - MENCIÓN DE TÍTULO
Título SIGLO DE HISTORIA DE LA GUARDIA CIVIL EN EXTREMADURA, DESDE SU FUNDACION A LA LUCHA CONTRA EL MAQUIS (1844-1944), UN
260 ## - PUBLICACIÓN, DISTRIBUCIÓN, ETC. (PIE DE IMPRENTA)
Nombre del editor distribuidor etc. DIPUTACION DE BADAJOZ
Fecha de publicación distribución etc. 2017
630 ## - PUNTO DE ACCESO ADICIONAL DE MATERIA--TÍTULO UNIFORME
Título uniforme GUARDIA CIVIL
650 ## - PUNTO DE ACCESO ADICIONAL DE MATERIA--TÉRMINO DE MATERIA
Término de materia o nombre geográfico como elemento inicial HISTORIA GUARDIA CIVIL. EXTREMADURA
942 ## - ELEMENTOS DE PUNTO DE ACCESO ADICIONAL (KOHA)
Tipo de ítem Koha Monografías
Holdings
Estado de retiro Estado de pérdida Estado dañado No para préstamo Código de colección Localización permanente Ubicación/localización actual Ubicación en estantería Fecha de adquisición Enumeración/cronología de publicación seriada Número de inventario Número de registro Total de préstamos Signatura topográfica completa Código de barras Fecha visto por última vez Número de copia Precio válido a partir de Tipo de ítem Koha Nota pública
          Servicio de Estudios Históricos Servicio de Estudios Históricos   04/02/2025 94(460), 351.743 29732 29732   22360 FH_32839 05/02/2026 1 05/02/2026 Monografías 23 X 16 CTMS, 518 PGS, 21, 15 EUROS